00562nam a2200205 a 4500001001300000003000900013005001700022008004100039020001000080082001500090100002800105245005000133260003900183300000900222500003500231505002600266650001900292650001700311700002800328nice12345678IN_TiNIC20260116012232.0050524s1968 boma grp 000 0 eng  ac10000a954.5bNIJ aNijjar, Bakhshish Singh aPanjab Under the Great Mughals 1526-1707 A.D. aBombaybThacker and Co., Ltdc1968 a244p aincludes index and biblioraphy2 aBibliogrphy, Appendex aPanjab-History aMughal India1 aNijjar, Bakhshish Singh